00911 2200181 4500001002100000005001500021035002000036007000300056008004100059082001600100084002200116100001900138245046900157260002800626300001200654650004700666990001600713INLIS00000000000312520260408055127 a0010-0426000008ta260408 g 0 ind  a324.2029(R) a324.2029(R) MED u0 aMediya Rafeldi1 aUndang-undang korupsi & pengadilan korupsi :bdilengkapi: uuri no. 8 tahun 2010 pencegahan dan pemberantasan tindak pidana pencucian uang uuri no. 28 tahun 1999 penyelenggaraan negara yang bersih dan bebas dari kkn peraturan kpk no. 01 tahun 2015 organisasi dan tata kerja komisi pemberantasan korupsi peraturan kpk no. 02 tahu 2014 pedoman pelaporan dan penetapan status gratifikasi, diperkaya: pasal-pasal dalam KUHP yang terkait dengan korupsi /cMediya Rafeldi aJakarta :bAlika,c2016 a299 hlm 4aUndang-undang korupsi & pengadilan korupsi a00000005320